[Event "Zagreb Superbet Rapid"]
[Site "Zagreb"]
[Date "2025.07.04"]
[Round "9"]
[White "Praggnanandhaa, Rameshbabu"]
[Black "Duda, Jan Krzysztof"]
[Result "1/2-1/2"]
[WhiteElo "2767"]
[BlackElo "2725"]
[PlyCount "215"]
[EventDate "2025.07.02"]
[EventType "tourn (rapid)"]
[EventRounds "9"]
[EventCountry "CRO"]
[EventCategory "21"]
[SourceTitle "CB28_2025"]
[SourceDate "2025.07.09"]
[SourceVersion "1"]
[SourceVersionDate "2025.07.09"]
[SourceQuality "1"]

1. d4 d5 2. Nf3 Nf6 3. e3 e6 4. Bd3 c5 5. b3 cxd4 6. exd4 Bb4+ 7. c3 Be7 8. 0-0 0-0 9. Bb2 b6 10. c4 Bb7 11. Nbd2 Nbd7 12. Qe2 Rc8 13. Rac1 Rc7 14. Ne5 dxc4 15. bxc4 Nxe5 16. dxe5 Nd7 17. Ne4 Bxe4 18. Bxe4 Nc5 19. Bc2 Rd7 20. Rcd1 Rxd1 21. Rxd1 Qc7 22. h4 Rd8 23. h5 Rxd1+ 24. Qxd1 Qd8 25. Qxd8+ Bxd8 26. Ba3 Be7 27. g3 g6 28. hxg6 hxg6 29. Kg2 Kf8 30. f4 Nb7 31. Bb2 Na5 32. Bd3 Bc5 33. Kf3 Nc6 34. Ke4 Ne7 35. g4 Ng8 36. Bc2 Nh6 37. Kf3 Kg7 38. Bc3 Kg8 39. Be1 Kf8 40. Be4 Ba3 41. Bc2 Bc5 42. Bd1 Ng8 43. Ke4 f5+ 44. exf6 Nxf6+ 45. Kf3 Kf7 46. Bc3 Bd6 47. Ba4 Ke7 48. Bd4 Nd7 49. Be3 Nc5 50. Bc2 Kf7 51. Ke2 Nd7 52. Kd3 Nc5+ 53. Kc3 a5 54. Kd2 Bc7 55. Ke2 Bd6 56. Kf3 Bc7 57. Bf2 Bd6 58. Bh4 Bc7 59. Ke3 Nd7 60. Ba4 Nc5 61. Bd1 Nb7 62. Bc2 Nc5 63. Bg5 Nb7 64. Kd4 Nc5 65. Ke3 Nb7 66. Bh4 Nc5 67. Kf3 Nb7 68. Bf2 Nc5 69. Bg3 Bd8 70. Be1 Bc7 71. Bh4 Nd7 72. Ke3 Nc5 73. f5 gxf5 74. gxf5 Bh2 75. Kf3 Bg1 76. Kf4 Bh2+ 77. Kg5 Be5 78. Kg4 Bd4 79. Bd8 Nb7 80. Bc7 Ke7 81. Bg3 Nd6 82. fxe6 Kxe6 83. Bd3 Kd7 84. Kf3 Kc6 85. Bh4 Kd7 86. Ke2 Kc6 87. Kd2 Kd7 88. Be2 Kc6 89. Kd3 Bc5 90. Bf3+ Kc7 91. Bd5 Kd7 92. Ke2 Kc7 93. Be1 Bb4 94. Bg3 Kd7 95. Be5 b5 96. cxb5 Nxb5 97. Kd3 Nd6 98. Kc2 Kc7 99. Kb3 Kd7 100. Ka4 Kc7 101. Bd4 Bd2 102. Bc5 Be1 103. a3 Bd2 104. Kb3 Nb5 105. Kc4 Nxa3+ 106. Bxa3 Bb4 107. Bxb4 axb4 108. Kxb4 1/2-1/2

[Event "Zagreb Superbet Rapid"]
[Site "Zagreb"]
[Date "2025.07.03"]
[Round "4"]
[White "Giri, Anish"]
[Black "Duda, Jan Krzysztof"]
[Result "0-1"]
[WhiteElo "2748"]
[BlackElo "2725"]
[PlyCount "98"]
[EventDate "2025.07.02"]
[EventType "tourn (rapid)"]
[EventRounds "9"]
[EventCountry "CRO"]
[EventCategory "21"]
[SourceTitle "CB28_2025"]
[SourceDate "2025.07.09"]
[SourceVersion "1"]
[SourceVersionDate "2025.07.09"]
[SourceQuality "1"]

1. e4 e5 2. Nf3 Nc6 3. Bb5 a6 4. Ba4 Nge7 5. 0-0 Ng6 6. d4 exd4 7. Nxd4 Nxd4 8. Qxd4 b5 9. Bb3 Bb7 10. c4 c5 11. Qd3 b4 12. Be3 Qc7 13. Rd1 Rd8 14. a3 a5 15. Nd2 Be7 16. axb4 axb4 17. Nf1 0-0 18. Ng3 Ne5 19. Qe2 g6 20. Bh6 Rfe8 21. Ba4 Nc6 22. Bxc6 Bxc6 23. Qe3 Qe5 24. Rd2 Ra8 25. Rad1 Qf6 26. Bf4 Ra2 27. b3 Rxd2 28. Qxd2 Ra8 29. e5 Qe6 30. f3 Ra3 31. Qc2 h5 32. h3 h4 33. Nf1 Bf8 34. Ne3 Bg7 35. Rd6 Ra1+ 36. Kf2 Qe8 37. Ng4 Qa8 38. Rd2 Rh1 39. Rd1 Rxd1 40. Qxd1 Qa2+ 41. Kg1 Qb2 42. Kh2 g5 43. Bxg5 Bxe5+ 44. Nxe5 Qxe5+ 45. f4 Qb2 46. Qf1 Qxb3 47. Bxh4 Qc2 48. Bf2 b3 49. Qe1 Qe4 0-1

[Event "WchT Blitz Final"]
[Site "London"]
[Date "2025.06.15"]
[Round "1.1"]
[White "Saric, Ivan"]
[Black "Duda, Jan Krzysztof"]
[Result "0-1"]
[WhiteElo "2661"]
[BlackElo "2725"]
[PlyCount "68"]
[EventDate "2025.06.15"]
[EventType "team-k.o. (blitz)"]
[EventRounds "4"]
[EventCountry "ENG"]
[SourceTitle "CB25_2025"]
[SourceDate "2025.06.18"]
[SourceVersion "1"]
[SourceVersionDate "2025.06.18"]
[SourceQuality "1"]
[WhiteTeam "Malcolm's Mates"]
[BlackTeam "WR Chess"]
[WhiteTeamCountry "ENG"]
[BlackTeamCountry "GER"]

1. Nf3 Nf6 2. g3 d5 3. Bg2 Nbd7 4. 0-0 e5 5. d4 e4 6. Ne5 Bd6 7. Nxd7 Bxd7 8. c4 c6 9. Bg5 Be6 10. Nc3 Be7 11. cxd5 cxd5 12. Qa4+ Qd7 13. Qxd7+ Nxd7 14. Bxe7 Kxe7 15. f3 f5 16. Rac1 a6 17. e3 Rac8 18. fxe4 fxe4 19. Ne2 g5 20. h3 Kd6 21. Rc3 Rxc3 22. Nxc3 b5 23. Kf2 Nb6 24. b3 b4 25. Ne2 a5 26. Rc1 Ra8 27. h4 h6 28. hxg5 Rf8+ 29. Ke1 hxg5 30. Rc5 Ra8 31. Rb5 Nd7 32. a4 bxa3 33. Nc3 Kc6 34. Bxe4 a2 0-1

[Event "WchT Blitz Pool A"]
[Site "London"]
[Date "2025.06.14"]
[Round "1.4"]
[White "Duda, Jan Krzysztof"]
[Black "Loftgaard, Mikkel Vinh"]
[Result "1-0"]
[WhiteElo "2725"]
[BlackElo "2243"]
[PlyCount "123"]
[EventDate "2025.06.14"]
[EventType "team-tourn"]
[EventRounds "13"]
[EventCountry "ENG"]
[SourceTitle "CB25_2025"]
[SourceDate "2025.06.18"]
[SourceVersion "1"]
[SourceVersionDate "2025.06.18"]
[SourceQuality "1"]
[WhiteTeam "WR Chess"]
[BlackTeam "Allez-Y Initiative!"]
[WhiteTeamCountry "GER"]
[BlackTeamCountry "DEN"]

1. d4 Nf6 2. Bg5 d5 3. e3 c5 4. Bxf6 exf6 5. Nf3 Nc6 6. c3 Be7 7. dxc5 Bxc5 8. g3 0-0 9. Bg2 Bg4 10. 0-0 Qd7 11. Nbd2 Rad8 12. Nb3 Bb6 13. Nbd4 Ne5 14. Qb3 Bh3 15. a4 Bxg2 16. Kxg2 Nc4 17. Rfd1 Rfe8 18. Qc2 Qe7 19. b3 Ne5 20. a5 Bxd4 21. Nxd4 g6 22. h3 Qc7 23. Ra4 Rc8 24. Ne2 Red8 25. Rd2 Nc6 26. Qa2 Qe5 27. Qa3 b6 28. axb6 axb6 29. Qb2 b5 30. Ra1 Qe4+ 31. Kg1 Ne5 32. Nd4 Rb8 33. Qc2 Nf3+ 34. Nxf3 Qxf3 35. Rd4 Rdc8 36. Qd3 Rc5 37. b4 Rc4 38. Rxd5 Rbc8 39. Rd8+ Rxd8 40. Qxd8+ Kg7 41. Ra8 f5 42. Qf8+ Kf6 43. Ra6+ Rc6 44. Qh8+ Kg5 45. Rxc6 Qxc6 46. Qxh7 Kf6 47. Qh8+ Ke7 48. Qe5+ Kf8 49. h4 Kg8 50. Qc5 Qd7 51. Qd4 Qc6 52. Kf1 Qh1+ 53. Ke2 Qb1 54. Qd3 Qb2+ 55. Kf3 Qc1 56. Qxb5 Qxc3 57. Qc5 Qd3 58. Qd4 Qb1 59. Kg2 Qc2 60. b5 Qc7 61. Qd5 Qb6 62. Qc6 1-0

[Event "WchT Blitz Pool A"]
[Site "London"]
[Date "2025.06.14"]
[Round "9.4"]
[White "Stein, Theodor"]
[Black "Duda, Jan Krzysztof"]
[Result "0-1"]
[WhiteElo "1877"]
[BlackElo "2725"]
[PlyCount "64"]
[EventDate "2025.06.14"]
[EventType "team-tourn"]
[EventRounds "13"]
[EventCountry "ENG"]
[SourceTitle "CB25_2025"]
[SourceDate "2025.06.18"]
[SourceVersion "1"]
[SourceVersionDate "2025.06.18"]
[SourceQuality "1"]
[WhiteTeam "Berlin Lasker Legends"]
[BlackTeam "WR Chess"]
[WhiteTeamCountry "GER"]
[BlackTeamCountry "GER"]

1. Nf3 d5 2. g3 b6 3. Bg2 Bb7 4. 0-0 e6 5. d4 Nd7 6. c4 dxc4 7. Nbd2 b5 8. a4 a6 9. e4 Ngf6 10. Re1 Be7 11. Qc2 c5 12. e5 Nd5 13. dxc5 Nxc5 14. axb5 axb5 15. Rxa8 Bxa8 16. Nf1 Nd3 17. Rd1 0-0 18. Be3 Nxe3 19. Nxe3 Bc5 20. Ne1 Bxe3 21. fxe3 Nxe1 22. Rxe1 Bxg2 23. Kxg2 Qd5+ 24. Kf2 Qxe5 25. Rd1 g6 26. Rd4 Rc8 27. b3 c3 28. Rd3 Qf5+ 29. Ke2 b4 30. Qc1 Qh5+ 31. Ke1 Qxh2 32. Rd7 Qg1+ 0-1

[Event "WchT Rapid"]
[Site "London"]
[Date "2025.06.11"]
[Round "1.4"]
[White "Vujatovic, Rajko"]
[Black "Duda, Jan Krzysztof"]
[Result "0-1"]
[WhiteElo "2194"]
[BlackElo "2718"]
[PlyCount "62"]
[EventDate "2025.06.11"]
[EventType "team-swiss"]
[EventRounds "12"]
[EventCountry "ENG"]
[SourceTitle "CB25_2025"]
[SourceDate "2025.06.18"]
[SourceVersion "1"]
[SourceVersionDate "2025.06.18"]
[SourceQuality "1"]
[WhiteTeam "Sassy Seniors"]
[BlackTeam "WR Chess"]
[WhiteTeamCountry "ENG"]
[BlackTeamCountry "GER"]

1. Nf3 d5 2. d4 Nf6 3. Bf4 c5 4. e3 Nc6 5. c3 Qb6 6. Qb3 c4 7. Qc2 Bf5 8. Qc1 h6 9. Nbd2 e6 10. Be2 Qd8 11. 0-0 Be7 12. Re1 0-0 13. Ne5 Rc8 14. Bf3 b5 15. Nxc6 Rxc6 16. e4 Bh7 17. e5 Nd7 18. Nf1 b4 19. Ng3 bxc3 20. bxc3 Ra6 21. Nh5 Bg5 22. h4 Bxh4 23. Nxg7 Kxg7 24. Bxh6+ Kh8 25. Bxf8 Nxf8 26. Bh5 Qg5 27. Qd1 Ng6 28. Bxg6 Bxg6 29. Re3 Bf5 30. g3 Qg6 31. f4 Bxg3 0-1

[Event "Chess.com Classic Winners"]
[Site "Chess.com INT"]
[Date "2025.05.20"]
[Round "1.1"]
[White "Carlsen, Magnus"]
[Black "Duda, Jan Krzysztof"]
[Result "1-0"]
[WhiteElo "2837"]
[BlackElo "2739"]
[PlyCount "39"]
[EventDate "2025.05.20"]
[EventType "k.o. (blitz)"]
[EventRounds "5"]
[EventCountry "USA"]
[SourceTitle "CB21_2025"]
[SourceDate "2025.05.21"]
[SourceVersion "1"]
[SourceVersionDate "2025.05.21"]
[SourceQuality "1"]

1. d4 Nf6 2. c4 e6 3. Nf3 d5 4. g3 dxc4 5. Bg2 Bb4+ 6. Nc3 0-0 7. 0-0 Nc6 8. a3 Be7 9. e4 a6 10. h4 b5 11. e5 Nd5 12. Ng5 h6 13. Nh3 Na5 14. Qg4 Kh8 15. Qh5 Kg8 16. Bxh6 gxh6 17. Qxh6 Nxc3 18. bxc3 Bb7 19. Bxb7 Nxb7 20. Nf4 1-0

[Event "Warsaw Superbet Blitz"]
[Site "Warsaw"]
[Date "2025.04.30"]
[Round "15"]
[White "Duda, Jan Krzysztof"]
[Black "Praggnanandhaa, Rameshbabu"]
[Result "0-1"]
[WhiteElo "2739"]
[BlackElo "2758"]
[PlyCount "82"]
[EventDate "2025.04.29"]
[EventType "tourn (blitz)"]
[EventRounds "18"]
[EventCountry "POL"]
[EventCategory "19"]
[SourceTitle "CB18_2025"]
[SourceDate "2025.04.30"]
[SourceVersion "1"]
[SourceVersionDate "2025.04.30"]
[SourceQuality "1"]

1. d4 Nf6 2. Nf3 b6 3. Bf4 Bb7 4. e3 g6 5. h3 Bg7 6. Be2 d6 7. 0-0 0-0 8. Bh2 Nbd7 9. a4 a6 10. Nbd2 Re8 11. c3 e5 12. Qb3 Rb8 13. Rfd1 Qe7 14. Rac1 a5 15. Qa3 e4 16. Ne1 h5 17. b4 Ra8 18. b5 g5 19. c4 Qe6 20. Nb3 Bf8 21. Qb2 h4 22. c5 Bd5 23. c6 Bxb3 24. cxd7 Red8 25. d5 Bxd5 26. Rxc7 Rxd7 27. Rc3 g4 28. hxg4 Bg7 29. Qd2 Bb7 30. g5 Ng4 31. Bf4 Bxc3 32. Qxc3 Rc8 33. Qd4 Rc5 34. Qb2 Ne5 35. Qa1 h3 36. Kh2 Nd3 37. Nxd3 exd3 38. Bf3 hxg2 39. Bxb7 Rxb7 40. Rxd3 f6 41. Rxd6 Rh7+ 0-1

[Event "Warsaw Superbet Blitz"]
[Site "Warsaw"]
[Date "2025.04.29"]
[Round "1"]
[White "Firouzja, Alireza"]
[Black "Duda, Jan Krzysztof"]
[Result "0-1"]
[WhiteElo "2757"]
[BlackElo "2739"]
[PlyCount "74"]
[EventDate "2025.04.29"]
[EventType "tourn (blitz)"]
[EventRounds "18"]
[EventCountry "POL"]
[EventCategory "19"]
[SourceTitle "CB18_2025"]
[SourceDate "2025.04.30"]
[SourceVersion "1"]
[SourceVersionDate "2025.04.30"]
[SourceQuality "1"]

1. Nf3 d5 2. b3 Nf6 3. Bb2 Bf5 4. g3 e6 5. Bg2 h6 6. 0-0 Be7 7. d3 0-0 8. Nbd2 Bh7 9. Re1 a5 10. a3 c6 11. e4 Nbd7 12. h3 Nc5 13. e5 Nfd7 14. Nf1 b5 15. g4 Rc8 16. Ng3 Na6 17. Qd2 c5 18. Bc3 b4 19. axb4 Nxb4 20. Red1 Nb8 21. Qe2 N8c6 22. Bb2 Nd4 23. Bxd4 cxd4 24. Ne1 Rc5 25. f4 Qc7 26. Rd2 Rc8 27. Rc1 Rc3 28. Kh2 Rxb3 29. g5 hxg5 30. Qg4 Nxd3 31. Nxd3 Rxd3 32. Rf2 Rc3 33. Rcf1 Rxc2 34. Rxc2 Bxc2 35. Rf2 a4 36. fxg5 Qxe5 37. h4 a3 0-1

[Event "Warsaw Superbet Rapid"]
[Site "Warsaw"]
[Date "2025.04.28"]
[Round "7"]
[White "Aravindh, Chithambaram VR"]
[Black "Duda, Jan Krzysztof"]
[Result "1-0"]
[WhiteElo "2749"]
[BlackElo "2739"]
[PlyCount "71"]
[EventDate "2025.04.26"]
[EventType "tourn (rapid)"]
[EventRounds "9"]
[EventCountry "POL"]
[EventCategory "19"]
[SourceTitle "CB18_2025"]
[SourceDate "2025.04.30"]
[SourceVersion "1"]
[SourceVersionDate "2025.04.30"]
[SourceQuality "1"]

1. e4 e5 2. Nf3 Nc6 3. Bb5 Nf6 4. 0-0 Nxe4 5. d4 Nd6 6. Ba4 e4 7. Re1 Be7 8. Ne5 b5 9. Bb3 Na5 10. Bxf7+ Nxf7 11. Nxf7 Kxf7 12. Qh5+ Kf8 13. Nc3 Bb7 14. Nxe4 Qe8 15. Qxb5 d5 16. Qxa5 dxe4 17. Qxc7 Qc8 18. Qg3 Qxc2 19. Bg5 Bxg5 20. Qxg5 Qc4 21. Rac1 Qd5 22. Qg3 h5 23. Rc5 Qxd4 24. Rf5+ Ke8 25. Qc7 Bd5 26. Qd6 Rd8 27. Re5+ Kf7 28. Re7+ Kg8 29. Qxd8+ Kh7 30. Re8 Rxe8 31. Qxe8 Kh6 32. Qb5 h4 33. h3 g5 34. Qa6+ Kg7 35. Qe2 Bxa2 36. Qe3 1-0